| 000 | 00578nam a22002057a 4500 | ||
|---|---|---|---|
| 003 | OSt | ||
| 005 | 20140425131337.0 | ||
| 008 | 140425b xxu||||| |||| 00| 0 eng d | ||
| 020 | _a0517092905 | ||
| 050 |
_aPS 2603 _b.P743 1990 |
||
| 100 | _aPoe, Edgar Allan | ||
| 245 |
_aSixty-seven tales / _cEdgar Allan Poe. |
||
| 260 |
_aNew York : _bRandom House Pub, _c1990. |
||
| 300 |
_axii, 753 p. : _c24 cm. |
||
| 650 | _aThe complete short stories | ||
| 650 | _aThe narrative of Arthur Gordon Pym | ||
| 650 | _aThe raven and other poems | ||
| 942 |
_2lcc _cBK |
||
| 999 |
_c115499 _d115499 |
||